Ramón Villeda Morales Int. Destinations (San Pedro Sula, Honduras) - Statistics

General Stats
  • This quiz has been taken 31 times
    7 since last reset
  • The average score is 12 of 17
Answer Stats
Airline Destination % Correct
Aeroméxico Connect Mexico City
100%
American Airlines/Frontier Airlines/Volaris El Salvador Miami
100%
Avianca Costa Rica San José (CR)
100%
Avianca El Salvador/Volaris El Salvador San Salvador
100%
Delta Air Lines/Frontier Airlines Atlanta
83%
Avianca El Salvador/TAG Airlines/Volaris El Salvador Guatemala City
83%
Frontier Airlines/United Airlines Houston (Intercontinental)
83%
Air Europa Madrid
83%
Avianca Costa Rica/JetBlue New York (JFK)
83%
Copa Airlines Panama City (Tocumen)
83%
United Airlines Newark
67%
Frontier Airlines/Spirit Airlines Orlando
67%
JetBlue/Spirit Airlines Fort Lauderdale
50%
Aerolineas Sosa/CM Airlines Roatán
50%
Tropic Air Belize City
33%
Spirit Airlines New Orleans
33%
Aerolineas Sosa La Ceiba
17%
No matching quizzes found
Score Distribution
Percent of People with Each Score
Percentile by Number Answered
Your Score History
You have not taken this quiz since the last reset